| 000 | 00761nab a22001937a 4500 | ||
|---|---|---|---|
| 999 |
_c5793 _d5793 |
||
| 003 | OSt | ||
| 005 | 20260106195006.0 | ||
| 008 | 190514b xxu||||| |||| 00| 0 spa d | ||
| 040 | _cPJ | ||
| 100 |
_96701 _aBecerra Vázquez, Sofía Victoria |
||
| 245 | 1 | 3 |
_aLa donación solidaria como herramienta de planificación patrimonial / _cSofía Victoria Becerra Vázquez. |
| 300 | _ap. 42-49 | ||
| 505 | _aSumario: I. Introducción.— II. Desarrollo.— III. Conclusiones. | ||
| 505 | _tSi te interesa el texto, comunicate a koha@justierradelfuego.gov.ar | ||
| 650 | 0 |
_9967 _aDERECHO DE FAMILIA |
|
| 650 | 0 |
_aDONACION _94554 |
|
| 773 | 0 |
_02844 _93222 _dBuenos Aires : AbeledoPerrot, 1989- _tDerecho de familia. N° 116 - Septiembre 2024 _z18511201 |
|
| 942 |
_2udc _cANA |
||